MARC

LEADER 00000nam0a2200000 4500
001 33972
005 20231101210213.0
035 |a (RuTPU)RU\TPU\book\34346 
035 |a BOOK00000997 
090 |a 33972 
100 |a 20011210d1980 m y0rusy50 ca 
101 0 |a rus 
102 |a RU 
105 |a y j 000zy 
200 1 |a Курсовое проектирование деталей машин и механизмов  |e учебное пособие  |f Д. В. Чернилевский 
210 |a Москва  |c Высшая школа  |d 1980 
215 |a 236 с. 
451 1 |0 (RuTPU)RU\TPU\book\34345  |t Детали машин и механизмов: Курсовое проектирование  |o учебное пособие  |f Д. В. Чернилевский  |e 2-е изд., перераб. и доп.  |c Киев  |n Высшая школа  |d 1987  |p 328 с.  |a Чернилевский, Дмитрий Владимирович 
606 |a Детали машин  |x Курсовое проектирование  |2 stltpush  |3 (RuTPU)RU\TPU\subj\9171  |9 36449 
606 |a Механизмы  |x Теория  |x Курсовое проектирование  |2 stltpush  |3 (RuTPU)RU\TPU\subj\43553  |9 63041 
610 1 |a прикладная механика 
610 1 |a курсовое проектирование 
610 1 |a учебные пособия 
675 |a 621.81.001.63(07.07)  |v 3 
675 |a 621.01.001.63(07.07)  |v 3 
700 1 |a Чернилевский  |b Д. В.  |g Дмитрий Владимирович 
801 0 |a RU  |b 63413507  |c 20011210  |g PSBO 
801 2 |a RU  |b 63413507  |c 20221010  |g PSBO 
900 |a Прикладная механика 
900 |a Детали машин 
900 |a Основы конструирования 
942 |c BK